000
00340nam a2200145Ia 4500
008
230718s9999 xx 000 0 und d
041
_a
Eng.
082
_a
614.1
_b
MOD-M
100
_a
Modi, N.J
245
0
_a
Modi's Medical Jurisfidon
260
_a
Pakistan
_b
Civil and Clinipal (om
_c
2003
300
_a
587
650
_a
Law
999
_c
26586
_d
26586